000 00434nam a22001577a 4500
003 OSt
005 20251104085817.0
008 251104b |||||||| |||| 00| 0 eng d
022 _a0040-5639
100 _aStephen A. Long
245 _aBARCLAY, JOHN M. G.:
_bPauline Churches and Diaspora Jews
260 _aUSA,
_bSage Publications;
_c2018
300 _aP.433-434
440 _aTheological Studies
_nNo.2
_vVol.79
942 _2lcc
_cART
999 _c205066
_d205026